Normal view
MARC view
Entry Topical Term
001 - CONTROL NUMBER
- control field: 41359
003 - CONTROL NUMBER IDENTIFIER
- control field: OSt
005 - DATE AND TIME OF LATEST TRANSACTION
- control field: 20231030144740.0
008 - FIXED-LENGTH DATA ELEMENTS
- fixed length control field: 231030|| aca||aabn | a|a d
040 ## - CATALOGING SOURCE
- Original cataloging agency: OSt
- Transcribing agency: OSt
150 ## - HEADING--TOPICAL TERM
- Topical term or geographic name entry element: SC women, Political participation, Self-assertive roles, Panchayati raj, Bihar.
670 ## - SOURCE DATA FOUND
- Source citation: Work cat.: (OSt): Ranjan, Rajeev 41358, Rise of self-assertive role of sc women in Bihar politics: A micro level analysis
